000 00914nas a2200337 4500
001 BR0905439
003 BR-BrBNA
005 20231205113700.0
007 ta
008 230509b bl.|||p| |||| 00| 00por d
040 _aBR-BrBNA
_bpor
_cBiblioteca Nacional de Agricultura
041 _a(Pt)
072 _aH20
100 1 _aZemolin, C.R.
100 1 _aCosta, I.D. da
100 1 _aLenz, G.
100 1 _aMarques, L.
100 1 _aStefanelo, M.
100 1 _aKarkow, D.
100 1 _aArrué, A.
100 1 _aCoradini, C.
100 1 _aBayer, T.
245 1 _aTilletia barclayana: biologia e manejo em arroz irrigado
650 _aARROZ
650 _aDOENÇA DE PLANTA
650 _aBIOLOGIA
650 _aPATÓGENO
773 0 _tCiência Rural (Brazil)
_xISSN 0103-8478
_g(Aug 2009), v. 39(5) p. 1594-1599
_wBR0905439
909 _a202311
_bLúcia
_c55
_dLúcia Elande
942 _2AGRIS
_n0
_cANA
999 _c205044
_d205044